Phương pháp xướng âm

Lý thuyết âm nhạc. Phương pháp đọc các loại giọng có độ cao và giai điệu kác nhau. Nhiều bài tập thực hành, dân ca, bài hát mới sắp xếp từ dễ đến khó giúp cho việc thực hành xướng âm

Gespeichert in:
Bibliographische Detailangaben
1. Verfasser: Doãn Mẫn
Format: Buch
Sprache:Vietnamese
Veröffentlicht: H. Văn hoá 1980
Ausgabe:In lần thứ 3
Schlagworte:
Tags: Tag hinzufügen
Keine Tags, Fügen Sie den ersten Tag hinzu!
Thư viện lưu trữ: Mạng thư viện Đại học Đà Nẵng
LEADER 01266nam a2200337 4500
001 000009704
003 5901
005 20111031151038.0
008 111031s1980 viesd
020 |c 14000đ 
041 0 |a vie 
082 |a 781.4  |b DO-M 
100 0 |a Doãn Mẫn 
245 0 |a Phương pháp xướng âm  |c Doãn Mẫn 
250 |a In lần thứ 3 
260 |a H.  |b Văn hoá  |c 1980 
300 |a 205 tr.  |c 23 cm. 
520 |a Lý thuyết âm nhạc. Phương pháp đọc các loại giọng có độ cao và giai điệu kác nhau. Nhiều bài tập thực hành, dân ca, bài hát mới sắp xếp từ dễ đến khó giúp cho việc thực hành xướng âm 
653 |a Âm nhạc 
653 |a Phương pháp xướng âm 
910 |a Huỳnh Thị Cẩm Lai  |d 31/01/2011 
OWN |a LSP 
AVA |a UDN50  |b LSP  |d 781.4 DO-M  |e available  |t Error 5001 Not defined in file expand_doc_bib_avail.  |f 3  |g 1  |h N  |i 0  |k 1 
999 |a From the UDN01 
AVA |a UDN50  |b LSP  |d 781.4 DO-M  |e available  |t Error 5001 Not defined in file expand_doc_bib_avail.  |f 3  |g 1  |h N  |i 0  |k 1 
TYP |a Monograph 
TYP |a Printed language 
980 |a Mạng thư viện Đại học Đà Nẵng